| 000 | 01107nam a2200313Ia 4500 | ||
|---|---|---|---|
| 003 | GCL | ||
| 008 | 140319s9999 xx 000 0 ara d | ||
| 020 | _a9436048977 | ||
| 040 |
_aGCL / _cGCL |
||
| 082 | 0 | 4 |
_a375 _bإ م |
| 100 | 1 | _aابراهيم بن عبدالعزيز الدعيلج | |
| 245 | 1 | 0 |
_aالمناهج : _bالمكونات - الاسس - التنظيمات - التطوير / _cابراهيم بن عبدالعزيز الدعيلج |
| 250 | _aالاولى | ||
| 260 |
_aالقاهرة : _bدار القاهرة ، _c2007 |
||
| 300 |
_a152ص ؛ _c24سم |
||
| 650 | 0 | 4 | _aالمناهج |
| 650 | 0 | 4 | _aالتخطيط التربوى |
| 650 | 0 | 4 | _aالتدريس |
| 650 | 0 | 4 | _aالطلبة |
| 650 | 0 | 4 | _aالتعليم - مناهج |
| 650 | 0 | 4 | _aالتعليم - اغراضه واهدافه |
| 650 | 0 | 4 | _aالمناهج التعليمية |
| 650 | 0 | 4 | _aالمناهج الدراسية |
| 650 | 0 | 4 | _aالمدارس - مناهج |
| 650 | 0 | 4 | _aالمناهج - تقييم |
| 650 | 0 | 4 | _aالمناهج - تطوير |
| 650 | 0 | 4 | _aالمناهج - مكونات |
| 942 |
_2ddc _cBK |
||
| 999 |
_c9668 _d9668 |
||